| 000 | 00755nam a2200265Ia 4500 | ||
|---|---|---|---|
| 003 | OSt | ||
| 005 | 20221007101354.0 | ||
| 006 | a|||||r|||| 00| 0 | ||
| 007 | ta | ||
| 008 | 221006b |||||||| |||| 00| 0 eng d | ||
| 024 | _a6,337 | ||
| 037 | _cTextual | ||
| 040 |
_aLCO _cLCO _beng |
||
| 041 |
_2eng _aeng |
||
| 082 | _aZ1, L0 | ||
| 100 | _aFalk R.A. Ed. | ||
| 245 | 0 |
_aFuture of International Legal order _b Trend and Patterns |
|
| 260 |
_aNew _bJersey Priceton Priceton University Press U.S.A. _c1970 |
||
| 300 | _a346 | ||
| 490 | _vVo l- IIII | ||
| 650 |
_aINTERNATIONAL LEGAL ORDER _9702906 |
||
| 700 | _a Black C.E. Ed. | ||
| 942 |
_hZ1, L0 _cTEXL |
||
| 999 |
_c1175900 _d1175900 |
||